| 000 | 01349nam2a22002411 4500 | ||
|---|---|---|---|
| 001 | rc\3714477 | ||
| 005 | 20250610103002.0 | ||
| 035 | _a(NLR Aleph) 007859254 | ||
| 090 |
_a7796672 _c7796672 |
||
| 100 | _a20130115d1969 |||y0rusy50 ca | ||
| 101 | 0 |
_arus _afre |
|
| 102 | _aRU | ||
| 105 | _aa z ||||| | ||
| 200 | 0 | _aТ. 3 | |
| 210 |
_d1969 _aБ. м. |
||
| 215 |
_a251 с. _cил. |
||
| 300 | _aЧасть текста на фр. яз. | ||
| 461 | 0 |
_1001rc\3714474 _12001#$aТруды V Бакурианского (советско-французского) коллоквиума по сверхтекучести и сверхпроводимости. (12-22 февраля 1968 г.)$eТ. 1-$fИн-т физики АН СССР$vТ. 3 _97796667 _aСоветско-французский коллоквиум по сверхтекучести и сверхпроводимости (5; 1968; пос. Бакуриани, Груз. ССР) _cТбилиси _d1969- _fИн-т физики АН СССР _nБ. и. _oТ. 1- _tТруды V Бакурианского (советско-французского) коллоквиума по сверхтекучести и сверхпроводимости. (12-22 февраля 1968 г.) _vТ. 3 |
|
| 801 | 0 |
_aRU _bNLR _gpsbo |
|
| 801 | 1 |
_aRU _bELAR _2rusmarc |
|
| 852 |
_aNLR _j70-5/652 |
||
| 942 | _cBOOK | ||
| 980 | _aNB | ||